| 000 | 01000nam a2200253 a 4500 | ||
|---|---|---|---|
| 001 | 83717 | ||
| 003 | BD-RjUL | ||
| 005 | 20240512103912.0 | ||
| 008 | 240512s2009 bg a|||| m||| 00| 0 eng d | ||
| 035 | _a(BD-RjUL)83717 | ||
| 040 |
_aBD-RjUL _beng _cBD-RjUL _dBD-RjUL |
||
| 041 | _aeng | ||
| 082 |
_223 _a584.92 _bALS 2009 |
||
| 100 |
_aAlam, Md. Sultan _912960 |
||
| 245 | 1 | 0 |
_aStudies on Genetic and Environmental Componets of Variabilty in Maize (Zea mays L.) / _cBy Md. Sultan Alam ; _6Principal Supervisor : Md. Firoz Alam, Co-Supervisor : Md. Monzur Hossain |
| 260 |
_aRajshahi : _bDepartment of Botany, Univerity of Rajshahi, _c2009 |
||
| 300 |
_axxi, 208 Leaves : _bill, ; _c29 cm. |
||
| 502 | _aThesis (Ph. D.) -- Department of Botany, Univerity of Rajshahi, 2009 | ||
| 504 | _aReferences : Leaves [188]-202 | ||
| 650 |
_aPanicoldeae _vMaize _912961 |
||
| 700 |
_aAlam, Md. Firoz, Principal, Supervisor _911434 |
||
| 700 |
_aHossain, Md. Monzur, Co-Supervisor _912962 |
||
| 942 |
_2ddc _cTHE |
||
| 999 |
_c83717 _d83717 |
||